MARC
| LEADER | 00000 a a2200000 04500 | ||
|---|---|---|---|
| 001 | 26254 | ||
| 003 | |||
| 040 | |||
| 090 | |a 192000 | ||
| 110 | |a Costa Rica. Asamblea Legislativa | ||
| 245 | |a Ley General de la persona joven. Ley N° 8261 | ||
| 260 | |a San José: |b UNFPA | ||
| 300 | |a 49 P |b il. | ||
| 650 | |a JUVENTUD | ||
| 650 | |a LEGISLACION | ||
| 650 | |a POLITICA GUBERNAMENTAL | ||
| 999 | |c 12080 |d 12080 | ||
